| 000 | 00610nam a2200193Ia 4500 | ||
|---|---|---|---|
| 005 | 20250508163519.0 | ||
| 008 | 008 250505s9999 xx 000 0 eng d | ||
| 037 | _aTextual | ||
| 040 |
_aFEDL _beng _cFEDL |
||
| 041 |
_aeng _2eng |
||
| 084 |
_a650.7, INS _qFEDL |
||
| 100 |
_aSiddiqui M Akhtar Ed. _9775521 |
||
| 245 | 0 | _aHand book for business studies teachers: Methods of teaching | |
| 260 |
_aNew Delhi, India _bInstitute of Advanced Studies in Education _c1995 |
||
| 300 | _a96p. | ||
| 700 |
_a Riaz Shakir Khan Ed. _9775522 |
||
| 942 |
_cTEXL _h650.7, INS |
||
| 999 |
_c1383824 _d1383824 |
||